| 000 | 00708nam a2200229 a 4500 | ||
|---|---|---|---|
| 005 | 20240924071301.0 | ||
| 008 | 140519s2008 mx r 000 0 spa d | ||
| 020 | _a9788498670271 | ||
| 035 | _aUPN01000197266 | ||
| 049 | _aI | ||
| 050 | 4 |
_aPZ74.9 _bA4.32 |
|
| 100 | 1 |
_aAmant, Kathleen _935529 |
|
| 245 | 1 | 3 |
_aLa familia de Sara / _cKathleen Amant ; tr. María Luisa Menéndez Orcajo. |
| 260 |
_aBarcelona, [Esp.] : _bRBA, _c2008. |
||
| 300 |
_a[25] p. : _bil. col. |
||
| 534 |
_pTítulo original: _tMijn lieve familie |
||
| 650 | 4 |
_aLiteratura infantil _94445 |
|
| 650 | 4 |
_aRelaciones de familia _96077 |
|
| 650 | 7 |
_aLibros ilustrados para niños _2 _921365 |
|
| 905 | _aInfantil | ||
| 999 |
_c169367 _d169367 |
||